000
00314nam a22001457a 4500
003
SGT
020
_a
9789358427875
082
_a
614.7
_b
CHA
100
_a
CHAUDHARY, DR. ARCHNA
245
_a
SCIENC AND SOCIETY
260
_a
INDIA
_b
BOOK RIVERS
_c
2024
300
_a
121
650
_a
SCIENCE
942
_2
ddc
_c
BK
999
_c
26321
_d
26321